书目信息 |
| 题名: |
麻辣语录
|
|
| 作者: | 钟明 选编 | |
| 分册: | ||
| 出版信息: | 北京 金盾出版社 2009 |
|
| 页数: | 215页 | |
| 开本: | 21cm | |
| 丛书名: | ||
| 单 册: | ||
| 中图分类: | H136.4 | |
| 科图分类: | ||
| 主题词: | 汉语--俗语--汇编 , 汉语 , 俗语 | |
| 电子资源: | ||
| ISBN: | 978-7-5082-5510-1 | |
| 000 | 00708nam0 2200241 450 | |
| 001 | 2359965252 | |
| 005 | 20231211163941.64 | |
| 010 | @a978-7-5082-5510-1@dCNY 13.00 | |
| 100 | @a20090429d2009 em y0chiy0120 ea | |
| 101 | 0 | @achi |
| 102 | @aCN@b110000 | |
| 105 | @aa z 000yy | |
| 200 | 1 | @a麻辣语录@Ama la yu lu@b专著@f钟明选编 |
| 210 | @a北京@c金盾出版社@d2009 | |
| 215 | @a215页@c图@d21cm | |
| 330 | @a本书选入的内容多为时人时语,从国人最关心的民生问题到热门话题,其中一些精彩的妙语肯定会让你拍案叫绝。 | |
| 606 | 0 | @a汉语@x俗语@j汇编 |
| 606 | 0 | @a汉语 |
| 606 | 0 | @a俗语 |
| 690 | @aH136.4@v5 | |
| 701 | 0 | @a钟明@Azhong ming@4选编 |
| 801 | 2 | @aCN@b辽宁北配@c20231205 |
| 905 | @aZUCC@dH136.4@e10 | |
| 麻辣语录/钟明选编.-北京:金盾出版社,2009 |
| 215页:图;21cm |
| ISBN 978-7-5082-5510-1:CNY 13.00 |
| 本书选入的内容多为时人时语,从国人最关心的民生问题到热门话题,其中一些精彩的妙语肯定会让你拍案叫绝。 |
| ● |
| 相关链接 |
|
|
|
正题名:麻辣语录
索取号:H136.4/10
 
预约/预借
| 序号 | 登录号 | 条形码 | 馆藏地/架位号 | 状态 | 备注 |
| 1 | 2001538489 | 2001538489 | 319书库/ [索取号:H136.4/10] | 在馆 | |
| 2 | 2001538490 | 2001538490 | 319书库/ [索取号:H136.4/10] | 在馆 | |
| 3 | 2001538491 | 2001538491 | 319书库/ [索取号:H136.4/10] | 在馆 | |
| 4 | 2001538492 | 2001538492 | 319书库/ [索取号:H136.4/10] | 在馆 | |
| 5 | 2001538493 | 2001538493 | 319书库/ [索取号:H136.4/10] | 在馆 | |
| 6 | 2001538494 | 2001538494 | 319书库/ [索取号:H136.4/10] | 在馆 | |
| 7 | 2001538495 | 2001538495 | 315书库/ [索取号:H136.4/10] | 在馆 | |
| 8 | 2001538496 | 2001538496 | 315书库/ [索取号:H136.4/10] | 在馆 | |
| 9 | 2001538497 | 2001538497 | 315书库/ [索取号:H136.4/10] | 在馆 | |
| 10 | 2001538498 | 2001538498 | 315书库/ [索取号:H136.4/10] | 在馆 | |
| 11 | 2001538499 | 2001538499 | 315书库/ [索取号:H136.4/10] | 在馆 | |
| 12 | 2001538500 | 2001538500 | 315书库/ [索取号:H136.4/10] | 在馆 | |
| 13 | 2001538501 | 2001538501 | 319书库/ [索取号:H136.4/10] | 在馆 | |
| 14 | 2001538502 | 2001538502 | 319书库/ [索取号:H136.4/10] | 在馆 | |
| 15 | 2001538503 | 2001538503 | 319书库/ [索取号:H136.4/10] | 在馆 | |
| 16 | 2001538504 | 2001538504 | 319书库/ [索取号:H136.4/10] | 在馆 | |
| 17 | 2001538505 | 2001538505 | 319书库/ [索取号:H136.4/10] | 在馆 | |
| 18 | 2001538506 | 2001538506 | 319书库/ [索取号:H136.4/10] | 在馆 | |
| 19 | 2001538507 | 2001538507 | 319书库/ [索取号:H136.4/10] | 在馆 | |
| 20 | 2001538508 | 2001538508 | 319书库/ [索取号:H136.4/10] | 在馆 | |
| 21 | 2001538509 | 2001538509 | 319书库/ [索取号:H136.4/10] | 在馆 | |
| 22 | 2001538510 | 2001538510 | 319书库/ [索取号:H136.4/10] | 在馆 | |
| 23 | 2001538511 | 2001538511 | 319书库/ [索取号:H136.4/10] | 在馆 | |
| 24 | 2001538512 | 2001538512 | 319书库/ [索取号:H136.4/10] | 在馆 | |
| 25 | 2001538513 | 2001538513 | 319书库/ [索取号:H136.4/10] | 在馆 | |
| 26 | 2001538514 | 2001538514 | 319书库/ [索取号:H136.4/10] | 在馆 | |
| 27 | 2001538515 | 2001538515 | 319书库/ [索取号:H136.4/10] | 在馆 | |
| 28 | 2001538516 | 2001538516 | 319书库/ [索取号:H136.4/10] | 在馆 | |
| 29 | 2001538517 | 2001538517 | 319书库/ [索取号:H136.4/10] | 在馆 | |
| 30 | 2001538518 | 2001538518 | 319书库/ [索取号:H136.4/10] | 在馆 |